| 000 | 00694nam a22002417a 4500 | ||
|---|---|---|---|
| 003 | UA-OsUOA | ||
| 001 | 30563 | ||
| 007 | ta | ||
| 008 | 20041111b un ||||| |||| 00| 0 ukr d | ||
| 090 |
_a82.09(035) _bП34 |
||
| 942 | _cBK | ||
| 040 |
_aUA-OsUOA _brus _cUA-OsUOA _dUA-OsUOA |
||
| 245 | _aПисатели-лауреаты премий СССР и Союзных Республик | ||
| 300 | _a246 с. | ||
| 955 | _a2 | ||
| 041 | _arus | ||
| 080 | _a82.09(035) | ||
| 260 |
_aЛьвов _bВища школа _c1982 |
||
| 044 | _aUA | ||
| 250 | _n2-е изд., испр. и доп. | ||
| 650 | 7 |
_a82 Література. Літературознавство _2UDC |
|
| 999 |
_c316976 _d316976 |
||